Šiel som s Hannibalom (Record no. 39)
[ view plain ]
| 000 -NÁVESTIE | |
|---|---|
| fixed length control field | 00258nam a2200109 a 4500 |
| 008 - ÚDAJE S PEVNOU DĹŽKOU – VŠEOBECNÉ INFORMÁCIE | |
| fixed length control field | 090930s1981|||| d |
| 041 ## - KÓD JAZYKA | |
| Kód jazyka textu/zvukovej stopy alebo samostatných nápisov | slo |
| 044 ## - KÓD KRAJINY VYDAVATEĽA/PRODUCENTA | |
| Kód krajiny MARC | xo |
| Kód krajiny ISO | SK |
| 100 1# - OSOBNÉ MENÁ – VŠEOBECNÉ INFORMÁCIE | |
| Osobné meno | Baumann,H. |
| 245 10 - NÁZOV | |
| Názov | Šiel som s Hannibalom |
| 260 ## - VYDAVATEĽSKÉ ÚDAJE, DISTRIBÚCIA ATĎ. | |
| Názov vydavateľa, distibútora atď. | Mladé letá |
| Miesto publikovania, distribúcie atď. | Bratislava |
| Dátum publikovania, distribúcie atď. | 1981 |
| Stav stiahnutia (Blokovanie) (Withrawn status) | Stav straty | Zdroj klasifikácie pre skladovanie | Stav poškodenia (Damaged status) | Nie pre výpožičky (Not for loan) | Spôsob nadobudnutia (Collection code) | Trvalé umiestnenie | Aktuálne umiestnenie | Dátum nadobudnutia | Inventárne číslo (prírastkové číslo) | Full call number | Čiarový kód | Dátum posledného výskytu | Cena s účinnosťou od | Typ jednotky Koha |
|---|---|---|---|---|---|---|---|---|---|---|---|---|---|---|
| Kúpa | Mestská knižnica Giraltovce | Mestská knižnica Giraltovce | 2019-11-29 | 00039 | M0039 | M0039 | 2019-11-29 | 2019-11-29 | Krásna literatúra pre deti |